| 000 | 00433nam a2200157Ia 4500 | ||
|---|---|---|---|
| 008 | 210716s1993 xx 000 0 und d | ||
| 020 | _a9788120309616 | ||
| 041 | _aeng | ||
| 082 | _a658.83 TULD | ||
| 100 | _aTull, Donald S;Hawkins, Del I. | ||
| 245 | _aMarketing research: measurement and method. | ||
| 250 | _a6 | ||
| 260 |
_aNew Delhi _bPHI Learning Pvt Ltd _c1993 |
||
| 300 | _axviii,863,I-26 | ||
| 650 | _aMarketing Research | ||
| 999 |
_c187006 _d187006 |
||